| 000 | 01085 a2200229 4500 | ||
|---|---|---|---|
| 003 | Nust | ||
| 005 | 20221119130034.0 | ||
| 010 | _a 79018067 | ||
| 020 | _a0131118560 : | ||
| 040 | _cNust | ||
| 082 | 0 | 0 | _a515.15,CLA |
| 100 | 1 |
_aClar, Lawrence M., _9103135 |
|
| 245 | 1 | 0 |
_aCalculus with analytic geometry for the technologies / _cLawrence M. Clar, James A. Hart. |
| 260 |
_aEnglewood Cliffs, N.J. : _bPrentice-Hall, _cc1980. |
||
| 300 |
_axii, 352 p. : _bill. ; _c24 cm. |
||
| 490 | 0 | _aPrentice-Hall series in technical mathematics | |
| 505 | _aPlane Analytic Geometry (Page-1), Parametric Equations and Polar Coordinates (Page-47), Progressions (Page-62), Limits (Page-74), Introductions to the Derivatives (Page-92), Derivatives of the Transcendental Functions (Page-113), Applications of Derivatives (Page-150), Introductions to Integrations (Page-191), Applications of Integration (Page-215), Techniques of Integrations (Page-244). | ||
| 650 | 0 | _aCalculus. | |
| 650 | 0 | _aGeometry, Analytic. | |
| 700 | 1 |
_aHart, James A., _d1933- _9103136 |
|
| 942 |
_2ddc _cBK _k515.15,CLA |
||
| 999 |
_c181015 _d181015 |
||